000 00494nam a2200193Ia 4500
005 20250923144252.0
008 008 250917s9999 xx 000 0 eng d
037 _aTextual
040 _aDSWL
_beng
_cDSWL
041 _aeng
_2eng
084 _qDSWL
245 0 _aDharavi: Economic and social survey of a village in the suburbs of Bombay
260 _aBombay
_bTISS
_c1945
300 _a48 p.
365 _aINR
_b1
925 _g1
942 _cTEXL
999 _c1436816
_d1436816